Normal view
MARC view
- سيكولوجية الاطفال-نمو الطفل-اللعب
Entry Topical Term
001 - CONTROL NUMBER
- control field: 28625
003 - CONTROL NUMBER IDENTIFIER
- control field: JO-AjAnu
005 - DATE AND TIME OF LATEST TRANSACTION
- control field: 20230606074841.0
008 - FIXED-LENGTH DATA ELEMENTS
- fixed length control field: 230606|| aca||aabn | a|a d
040 ## - CATALOGING SOURCE
- Original cataloging agency: JO-AjAnu
- Transcribing agency: JO-AjAnu
150 ## - HEADING--TOPICAL TERM
- Topical term or geographic name entry element: سيكولوجية الاطفال-نمو الطفل-اللعب
670 ## - SOURCE DATA FOUND
- Source citation: Work cat.: (JO-AjAnu)14694: السيد،خالد عبد الرازق, author 28624, سيكولوجية اللعب لدى الأطفال العاديين والمعاقين